| 000 | 01213nam a2200325 4500 | ||
|---|---|---|---|
| 001 | 000 | ||
| 005 | 20141106162340.0 | ||
| 007 | 000 | ||
| 008 | 000 | ||
| 010 | _a000 | ||
| 020 | _a0471457698 (alk. paper) | ||
| 040 |
_aUOEL _cDLC _dDLC |
||
| 042 | _apcc | ||
| 050 | 0 | 0 |
_aHB172 _b.B49 2005 |
| 100 | 1 |
_aBesanko, David, _d1955- |
|
| 245 | 1 | 0 |
_aMicroeconomics / _cDavid A. Besanko, Ronald R. Braeutigam. |
| 250 | _a2nd ed. | ||
| 260 |
_aHoboken, NJ : _bWiley, _cc2005. |
||
| 300 |
_axxii, 706 p. : _bcol. ill. ; _c27 cm. |
||
| 500 | _aOnline instructional tools are available to supplement the text. | ||
| 504 | _aIncludes bibliographical references and index. | ||
| 650 | 0 | _aMicroeconomics. | |
| 700 | 1 |
_aBraeutigam, Ronald R. _q(Ronald Ray) |
|
| 856 | 4 | 2 |
_3Contributor biographical information _uhttp://www.loc.gov/catdir/enhancements/fy0626/2005274004-b.html |
| 856 | 4 | 2 |
_3Publisher description _uhttp://www.loc.gov/catdir/enhancements/fy0626/2005274004-d.html |
| 856 | 4 | 1 |
_3Table of contents only _uhttp://www.loc.gov/catdir/enhancements/fy0626/2005274004-t.html |
| 906 |
_a7 _bcbc _corigcop _d3 _encip _f20 _gy-gencatlg |
||
| 942 |
_2lcc _cSL2 |
||
| 999 |
_c1230 _d1230 |
||